Datum a čas kvízu

29.5 Celkem bodů Celkový počet nahraných bodů na tomto kvízu bez doplňovacích otázek.
3. Pořadí na kvízu Konečné umístění týmu na tomto kvízu.

Zaznamenané odpovědi

# Otázka Odpověď Body Výsledky
1. Ti, kteří se pořádně zaměřili... Bureši, čaú 1
2. Tlaková níže a s ní spojené si... Axel 0
3. Zlínský filmový festival minul... kybernetický útok 0
4. Rakouský nábytkářský řetězec X... Kika 0
5. V pondělí nás opustil Niki Lau... Laudamotion, Niki 0
6. Jakou barvu má pruh, který je... černou 1
7. Jaká barva kromě zelené a bílé... žádná 1
8. Na bolívijské vlajce je modrý... D 0
9. Slovinskou vlajku tvoří znak v... prostřední 0
10. Uveďte barvy pruhů na vlajce B... černý, žlutý, červený 1